<?xml version="1.0" encoding="UTF-8"?>
<record
    xmlns:xsi="http://www.w3.org/2001/XMLSchema-instance"
    xsi:schemaLocation="http://www.loc.gov/MARC21/slim http://www.loc.gov/standards/marcxml/schema/MARC21slim.xsd"
    xmlns="http://www.loc.gov/MARC21/slim">

  <leader>00952cam a2200301 a 4500</leader>
  <controlfield tag="001">796454</controlfield>
  <controlfield tag="003">OSt</controlfield>
  <controlfield tag="005">20200811155941.0</controlfield>
  <controlfield tag="008">040730r19881968mx a    r     00111dspa d</controlfield>
  <datafield tag="020" ind1=" " ind2=" ">
    <subfield code="a">968292233X</subfield>
  </datafield>
  <datafield tag="040" ind1=" " ind2=" ">
    <subfield code="c">CO-MqBPB</subfield>
  </datafield>
  <datafield tag="041" ind1="0" ind2=" ">
    <subfield code="a">spa</subfield>
  </datafield>
  <datafield tag="082" ind1="0" ind2="4">
    <subfield code="a">863.6 </subfield>
    <subfield code="b">L39p10 </subfield>
    <subfield code="2">19 ed.</subfield>
  </datafield>
  <datafield tag="100" ind1="1" ind2=" ">
    <subfield code="a">Lezama Lima, Jos&#xFFFD;, </subfield>
    <subfield code="d">1912-1976.</subfield>
  </datafield>
  <datafield tag="245" ind1="1" ind2="0">
    <subfield code="a">Paradiso / </subfield>
    <subfield code="c">Jos&#xFFFD; Lezama Lima.</subfield>
  </datafield>
  <datafield tag="250" ind1=" " ind2=" ">
    <subfield code="a">Edici&#xFFFD;n cr&#xFFFD;tica Cintio Vitier.</subfield>
  </datafield>
  <datafield tag="260" ind1=" " ind2=" ">
    <subfield code="a">M&#xFFFD;xico : </subfield>
    <subfield code="b">Secretar&#xFFFD;a de Educaci&#xFFFD;n P&#xFFFD;blica, </subfield>
    <subfield code="c">1988.</subfield>
  </datafield>
  <datafield tag="300" ind1=" " ind2=" ">
    <subfield code="a">xl, 762 p. : </subfield>
    <subfield code="b">il. ; </subfield>
    <subfield code="c">24 cm.</subfield>
  </datafield>
  <datafield tag="440" ind1=" " ind2="0">
    <subfield code="a">Colecci&#xFFFD;n archivos ; </subfield>
    <subfield code="v">3</subfield>
  </datafield>
  <datafield tag="500" ind1=" " ind2=" ">
    <subfield code="a">Glosario: p.731-735.</subfield>
  </datafield>
  <datafield tag="504" ind1=" " ind2=" ">
    <subfield code="a">Incluye bibliograf&#xFFFD;as e &#xFFFD;ndice.</subfield>
  </datafield>
  <datafield tag="600" ind1="1" ind2="6">
    <subfield code="a">Lezama Lima, Jos&#xFFFD;, </subfield>
    <subfield code="d">1912-1976</subfield>
    <subfield code="x"> Cr&#xFFFD;tica e interpretaci&#xFFFD;n.</subfield>
  </datafield>
  <datafield tag="650" ind1=" " ind2="6">
    <subfield code="a">Novela cubana</subfield>
    <subfield code="x"> Historia y cr&#xFFFD;tica.</subfield>
  </datafield>
  <datafield tag="650" ind1=" " ind2="6">
    <subfield code="a">Novela er&#xFFFD;tica.</subfield>
  </datafield>
  <datafield tag="700" ind1="1" ind2=" ">
    <subfield code="a">Vitier, Cintio, </subfield>
    <subfield code="d">1921-, </subfield>
    <subfield code="e">ed.</subfield>
  </datafield>
  <datafield tag="942" ind1=" " ind2=" ">
    <subfield code="2">ddc</subfield>
    <subfield code="c">BK</subfield>
  </datafield>
  <datafield tag="949" ind1=" " ind2=" ">
    <subfield code="a">n   </subfield>
    <subfield code="b">n</subfield>
  </datafield>
  <datafield tag="999" ind1=" " ind2=" ">
    <subfield code="c">12426</subfield>
    <subfield code="d">12426</subfield>
  </datafield>
  <datafield tag="952" ind1=" " ind2=" ">
    <subfield code="0">0</subfield>
    <subfield code="1">0</subfield>
    <subfield code="2">ddc</subfield>
    <subfield code="4">0</subfield>
    <subfield code="7">0</subfield>
    <subfield code="8">LA</subfield>
    <subfield code="a">BPMOS</subfield>
    <subfield code="b">BPMOS</subfield>
    <subfield code="d">2020-08-11</subfield>
    <subfield code="i">N.A</subfield>
    <subfield code="l">2</subfield>
    <subfield code="o">AN LEZA</subfield>
    <subfield code="p">MOS500013</subfield>
    <subfield code="r">2021-08-11</subfield>
    <subfield code="s">2021-08-04</subfield>
    <subfield code="t">Ej 1</subfield>
    <subfield code="w">2020-08-11</subfield>
    <subfield code="y">BKLIT</subfield>
    <subfield code="z">Quince dias</subfield>
  </datafield>
</record>
